| 000 | 00415pab a2200157 454500 | ||
|---|---|---|---|
| 008 | 180718b1989 xxu||||| |||| 00| 0 eng d | ||
| 100 | _aSundari, S. | ||
| 245 | _aProblem of women workers in handloom industry at Vengamedu | ||
| 260 | _c1989 | ||
| 300 | _a286-94 | ||
| 362 | _aMar. | ||
| 650 | _aWomen in Industry - India - Tamil Nadu | ||
| 700 | _aN. Manimekalai | ||
| 773 | _aKhadi Gramodyog | ||
| 909 | _a21033 | ||
| 999 |
_c21033 _d21033 |
||